Nové obchodní modely bankovního světa

Bankové služby sú pre fungovanie súčasného sveta nenahraditeľné, klasický obchodný model bankového sveta bol ale plne komoditizovaný. Len tí, ktorí dokážu uviesť do života nové obchodné modely, dosiahnu zásadné posuny a zmeny. Digitalizácia bánk. Investície bánk do digitalizácie a ich návratnosť.

Guardado en:
Detalles Bibliográficos
Autor principal: Erben, Lukáš
Formato: Capítulo de libro
Lenguaje:checo
Materias:
Etiquetas: Agregar Etiqueta
Sin Etiquetas, Sea el primero en etiquetar este registro!

MARC

LEADER 00000naa a2200000 4500
001 0299354
005 20240417075305.6
041 0 |a cze 
044 |a CZ 
245 1 0 |a Nové obchodní modely bankovního světa  |c Lukáš Erben 
520 |a Bankové služby sú pre fungovanie súčasného sveta nenahraditeľné, klasický obchodný model bankového sveta bol ale plne komoditizovaný. Len tí, ktorí dokážu uviesť do života nové obchodné modely, dosiahnu zásadné posuny a zmeny. Digitalizácia bánk. Investície bánk do digitalizácie a ich návratnosť. 
610 2 0 |a bankovníctvo 
610 2 0 |a trh finančný 
610 2 0 |a banky 
610 2 0 |a služby bankové 
610 2 0 |a efektívnosť 
610 2 0 |a modely obchodné 
610 2 0 |a digitalizácia 
610 2 0 |a technológie nové 
610 2 0 |a technológie informačné 
610 2 0 |a inteligencia umelá 
610 2 0 |a optimalizácia 
610 2 0 |a investície 
100 1 |a Erben, Lukáš